Маркиз де-ла-Шетарди в России 1740-1742 годов (Запись № 2287520)

Подробности
000 -МАРКЕР
контрольное поле 01839nam0a22004571 4500
001 - ИДЕНТИФИКАТОР ЗАПИСИ
контрольное поле v19\rc\1348862
005 - ИДЕНТИФИКАТОР ВЕРСИИ
контрольное поле 20260406095725.0
035 ## - ДРУГИЕ СИСТЕМНЫЕ НОМЕРА
Идентификатор записи (NLR Aleph) 004562128
100 ## - ДАННЫЕ ОБЩЕЙ ОБРАБОТКИ
Данные общей обработки 20060512d1862 |||y0rusy50 ca
101 1# - ЯЗЫК РЕСУРСА
Язык текста, звукозаписи и т.д. русский
Язык оригинала французский
102 ## - СТРАНА ПУБЛИКАЦИИ ИЛИ ПРОИЗВОДСТВА
Страна публикации Российская Федерация
105 ## - ПОЛЕ КОДИРОВАННЫХ ДАННЫХ: ТЕКСТОВЫЕ МАТЕРИАЛЫ, МОНОГРАФИЧЕСКИЕ
Кодированные данные о монографическом текстовом документе y z |||e|
200 1# - ЗАГЛАВИЕ И СВЕДЕНИЯ ОБ ОТВЕТСТВЕННОСТИ
Основное заглавие Маркиз де-ла-Шетарди в России 1740-1742 годов
Сведения, относящиеся к заглавию перевод рукописных депеш французского посольства в Петербурге
Первые сведения об ответственности издал с примеч. [вступ. статьей] и доп. П. Пекарский
210 ## - ПУБЛИКАЦИЯ, РАСПРОСТРАНЕНИЕ И ДР.
Место издания, распространения и т.д. С.-Петербург
Имя издателя, распространителя и т. д. типография И. Огризко
Дата издания, распространения и т.д. 1862
215 ## - ФИЗИЧЕСКАЯ ХАРАКТЕРИСТИКА
Специфическое обозначение материала и объем [2], VI, XXII, 638 с.
Размеры 22
700 #1 - ИМЯ ЛИЦА - ПЕРВИЧНАЯ ОТВЕТСТВЕННОСТЬ
Системный номер авторитетной/нормативной записи z01790
Начальный элемент ввода Ла Шетарди
Часть имени, кроме начального элемента ввода Ж. И. Т., де
Даты 1705-1758
Расширение инициалов личного имени Жак Иоахим Тротти, де
702 #1 - ИМЯ ЛИЦА - ВТОРИЧНАЯ ОТВЕТСТВЕННОСТЬ
Код отношения Издатель
-- Автор введения, предисловия, примечания и т.п.
-- Комментатор печатного текста
Материалы, к которым относится поле rus
Графика поля Кириллица
Начальный элемент ввода Пекарский
Часть имени, кроме начального элемента ввода П. П.
Даты 1827-1872
Расширение инициалов личного имени Петр Петрович
Идентификатор авторитетной/нормативной записи RU\NLR\AUTH\7773421
Системный номер авторитетной/нормативной записи 56349
790 #1 - ИМЯ ЛИЦА - АЛЬТЕРНАТИВНАЯ ФОРМА
Системный номер авторитетной/нормативной записи z01700
Начальный элемент ввода ЛаШетарди
Часть имени, кроме начального элемента ввода Ж.И.Т. де
Даты 1705-1758
Расширение инициалов личного имени Жак Иоахим Тротти де
790 #1 - ИМЯ ЛИЦА - АЛЬТЕРНАТИВНАЯ ФОРМА
Системный номер авторитетной/нормативной записи z01700
Начальный элемент ввода Шетарди
Часть имени, кроме начального элемента ввода Ж.И.Т., де-ла
Даты 1705-1758
Расширение инициалов личного имени Жак Иоахим Тротти, де-ла
801 #0 - ИСТОЧНИК ЗАПИСИ
Страна Российская Федерация
Организация NLR
Правила каталогизации psbo
801 #0 - ИСТОЧНИК ЗАПИСИ
Страна Российская Федерация
Организация RuMoRGB
Источник данных psbo
801 #1 - ИСТОЧНИК ЗАПИСИ
Страна Российская Федерация
Организация ProSoft-M
Источник данных rusmarc
801 #2 - ИСТОЧНИК ЗАПИСИ
Страна Российская Федерация
Организация NLR
Дата составления 20131126
Источник данных rusmarc
852 ## - МЕСТОНАХОЖДЕНИЕ И ШИФР ХРАНЕНИЯ
Идентификатор организации NLR
Шифр хранения (Call Number) 18.20.7.28
852 ## - МЕСТОНАХОЖДЕНИЕ И ШИФР ХРАНЕНИЯ
Идентификатор организации NLR
Шифр хранения (Call Number) 105/190
852 ## - МЕСТОНАХОЖДЕНИЕ И ШИФР ХРАНЕНИЯ
Идентификатор организации NLR
Наименование фонда или коллекции (Sub-Location Identifier) Мф
Шифр хранения (Call Number) К1/9631
899 ## - ДАННЫЕ О МЕСТОНАХОЖДЕНИИ (устаревшее)
Местонахождение БАН
899 ## - ДАННЫЕ О МЕСТОНАХОЖДЕНИИ (устаревшее)
Местонахождение ГПИБ
899 ## - ДАННЫЕ О МЕСТОНАХОЖДЕНИИ (устаревшее)
Местонахождение НБ МГУ
899 ## - ДАННЫЕ О МЕСТОНАХОЖДЕНИИ (устаревшее)
Местонахождение RuMoRGB
Шифр хранения ОР
899 ## - ДАННЫЕ О МЕСТОНАХОЖДЕНИИ (устаревшее)
Местонахождение RuMoRGB
Шифр хранения M 65/121
899 ## - ДАННЫЕ О МЕСТОНАХОЖДЕНИИ (устаревшее)
Местонахождение RuMoRGB
Шифр хранения T 58/141
899 ## - ДАННЫЕ О МЕСТОНАХОЖДЕНИИ (устаревшее)
Местонахождение RuMoRGB
Шифр хранения J 34/32
899 ## - ДАННЫЕ О МЕСТОНАХОЖДЕНИИ (устаревшее)
Местонахождение RuMoRGB
Шифр хранения O 6/194
899 ## - ДАННЫЕ О МЕСТОНАХОЖДЕНИИ (устаревшее)
Местонахождение RuMoRGB
Шифр хранения МК
899 ## - ДАННЫЕ О МЕСТОНАХОЖДЕНИИ (устаревшее)
Местонахождение RuMoRGB
Шифр хранения T 92/241
899 ## - ДАННЫЕ О МЕСТОНАХОЖДЕНИИ (устаревшее)
Местонахождение RuMoRGB
Шифр хранения T 113/64
899 ## - ДАННЫЕ О МЕСТОНАХОЖДЕНИИ (устаревшее)
Местонахождение RuMoRGB
Шифр хранения U 327/285
942 ## - ДОПОЛНИТЕЛЬНЫЕ ЭЛЕМЕНТЫ ЗАПИСИ (АБИС)
Тип экземпляра АБИС Книга
980 ## - КОЛЛЕКЦИЯ
Название коллекции Национальная библиография
Экземпляры
Тип экземпляра Дата поступления Библиотека постоянного хранения Библиотека текущего хранения Место хранения Шифр хранения Штрих-код Статус экземпляра
Книга 26.10.2013 РНБ (Московский) РНБ (Московский) Фонд микроформ Мф К1/9631 4562128-30  
Книга 26.10.2013 РНБ (Московский) РНБ (Московский) Неопределен, для заказа не доступен, в ЭК виден   4562128-130  
Книга 26.10.2013 РНБ (Московский) РНБ (Московский) Неопределен, для заказа не доступен, в ЭК виден   4562128-140  
Книга 26.10.2013 РНБ (Московский) РНБ (Московский) Неопределен, для заказа не доступен, в ЭК виден   4562128-150  
Книга 26.10.2013 РНБ (Садовая) РНБ (Садовая) Русский книжный фонд -Главное здание, Ленинский читальный зал 18.20.7.28 4562128-10  
Книга 26.10.2013 РНБ (Садовая) РНБ (Садовая) Русский книжный фонд -Главное здание, Ленинский читальный зал 105/190 4562128-20